Statistiques concernant Pays qui produisent le plus d'huile d'olive

Cliquez ici pour prendre le quiz!

Statistiques générales

  • Ce quiz a été pris 11 690 fois
    (5 883 depuis la dernière actualisation)
  • Le résultat moyen est 15 sur 20

Statistiques - réponses

TonnesPays% Correct
1 790 000Espagne
96%
278 000Italie
96%
174 000Maroc
94%
96 600Algérie
93%
328 000Grèce
90%
278 000Tunisie
90%
28 800Egypte
88%
109 000Portugal
88%
154 000Turquie
87%
16 700Israël
79%
17 300Libye
79%
16 000Etats-Unis
76%
7 060Brésil
72%
19 300Liban
72%
118 000Syrie
68%
27 500Argentine
63%
21 200Jordanie
60%
11 000Albanie
55%
21 900Chili
52%
20 800Australie
45%

Distribution des résultats

Percentile par nombre de réponses

% des personnes avec chaque résultat

Votre développement - résultats

Vous n’avez pas pris ce quiz depuis la dernière actualisation